Logo BPK

Biblioteka

Politechniki Koszalińskiej

Ryby wód polskich : (Rekord nr 28454)

Szczegóły MARC
000 -ETYKIETA REKORDU
podpole kontrolne o stałej długości 00328nam a2200145 i 4500
001 - NUMER KONTROLNY REKORDU
pole kontrolne bg
040 ## - ŹRÓDŁO KATALOGOWANIA
Instytucja, która utworzyła rekord BPK
041 ## - KOD JĘZYKA
Kod języka tekstu pol
008 - POLE O STAŁEJ DŁUGOŚCI - DANE KONTROLNE
podpole kontrolne o stałej długości s pl f |000 0 pol
100 1# - NAZWA OSOBOWA
Nazwa osobowa RUDNICKI, A.
245 #0 - TYTUŁ/ODPOWIEDZIALNOŚĆ
Tytuł Ryby wód polskich :
Ciąg dalszy tytułu atlas /
Pozostałe elementy strefy tytułu i oznaczenia odpowiedzialności A. Rudnicki.
250 ## - STREFA WYDANIA
Oznaczenie wydania Wyd. 4.
260 ## - STREFA ADRESU WYDAWNICZEGO
Miejsce wydania Warszawa,
Data publikacji, dystrybucji/powstania dokumentu 1985.
856 ## - LOKALIZACJA I DOSTĘP DO ELEKTRONICZNYCH DOKUMENTÓW ZDALNYCH
Link (URL) http://koha.tu.koszalin.pl/cgi-bin/koha/opac-detail.pl?biblionumber=28454
Tekst linku Katalog online BPK
942 ## - DODATKOWE ELEMENTY (KOHA)
Typ dokumentu Książka
Egzemplarze
Wycofany Status egzemplarza Uszkodzony Dostępność Lokalizacja stała Lokalizacja bieżąca Miejsce przechowywania Sygnatura Kod kreskowy Ostatnio wypożyczono Typ dokumentu
      Dostępny Biblioteka Politechniki Koszalińskiej Biblioteka Politechniki Koszalińskiej Wypożyczalnia BG 32983 01591972 27.02.2014 Książka
© 2023 Biblioteka Politechniki Koszalińskiej :: KOHA